Quizzes
Events
Quiz Creation
Community
Videos
Private Events
Remove Ads
Sign In
Join for FREE
Feedback
Dark Mode
Quiz Categories
Sports
Geography
Music
Movies
Television
Just For Fun
Miscellaneous
History
Literature
Language
Science
Gaming
Entertainment
Religion
Holiday
For Kids
Quiz Lab
Recent
Popular Today
Quiz Kudos Today
Editor Picks
Curator Picks
Quizzes by...
Day
Popularity
Type
Ratings
Length
Year
Community
Subscriptions
Recent Discussions
Orange Saloon
Badges
Playlists
Quests
Create
Leaderboards
Showdown
Live 5
Trivia Bingo
Activity
Puzzle Library
Sporcle Events
Private Events
Virtual Trivia
Globe League
Become a Host
Pub Owners
SporcleCon
Opinionation
Our Games
Videos
Blog
Mobile Apps
Partnerships
Remove Ads and Go Orange
Feedback
Sports
Athletes
MLB
NBA
NHL
NFL
Soccer
Sports Teams
WWE
NCAA
Football
Premier League
Basketball
Baseball
Hockey
Golf
Tennis
Cricket
Rugby
Auto Racing
Olympics
World Cup
Sports
Athletes
MLB
NBA
NHL
NFL
Soccer
Sports Teams
WWE
NCAA
Football
Premier League
Basketball
Baseball
Hockey
Golf
Tennis
Cricket
Rugby
Auto Racing
Olympics
World Cup
Random Quiz
Search Sporcle
×
Quiz Lab
Quiz Lab
Sports
Basketball
Type in answers that appear in a list
Type in answers that appear in a list
Classic
Best Score? Go Orange.
NBA - Active Champions Stats
Can you name the active NBA players who have won a championship?
By
LucasEwalt
8m
44 Questions
6,989 Plays
6,989 Plays
6,989 Plays
Comments
Comments
Give Quiz Kudos
Give Quiz Kudos
-
- Ratings
hide this ad
More Info
Replay
Link that replays current quiz
Next Quiz
Link to next quiz in quiz playlist
You Got
0%
They Got
Avg Score
49%
Avg Friend Score
Upgrade to see
Score Distribution
Jump to the score distribution portion of the page
Score
0/44
Timer
08:00
0
Plays Today
Titles
Player
% Correct
5
Kobe Bryant
97.4%
4
Tim Duncan
89.1%
3
Tony Parker
84.8%
1
Dwyane Wade
82.9%
1
Kevin Garnett
81.9%
1
Paul Pierce
81.7%
5
Derek Fisher
81.5%
1
Dirk Nowitzki
80.5%
1
Ray Allen
80.2%
2
Pau Gasol
79.4%
1
Tony Allen
79.2%
3
Manu Ginobili
78.9%
1
Rajon Rondo
72.6%
1
Jason Kidd
71.5%
2
Andrew Bynum
63.5%
2
Lamar Odom
60.6%
1
Jason Terry
59.8%
1
Tyson Chandler
58%
1
Ben Wallace
57.9%
1
Chauncey Billups
57.6%
1
Metta World Peace
57.3%
1
Richard Hamilton
55.1%
Titles
Player
% Correct
1
Kendrick Perkins
54.7%
1
Shawn Marion
48.6%
1
Tayshaun Prince
47.7%
1
Udonis Haslem
44.8%
1
Glen Davis
43.5%
1
J.J. Barea
43.3%
2
Luke Walton
38.4%
2
Shannon Brown
36.3%
1
Trevor Ariza
32.7%
1
Stephen Jackson
29.5%
1
Brendan Haywood
27%
1
DeShawn Stevenson
25.4%
2
Jordan Farmar
21.7%
1
Brian Cardinal
17.8%
1
Matt Bonner
15.2%
1
Darko Milicic
10.9%
1
Nazr Mohammed
10.6%
1
Ian Mahinmi
9.6%
1
Mehmet Okur
8.3%
1
Corey Brewer
6.8%
1
Jason Kapono
4.8%
2
Beno Udrih
4.2%
Quiz Playlist
Details
Report
Send in Message
Add To Playlist
More Info:
Players must have played in at least one playoff game for a championship team to be included.
Classic:
Type in answers that appear in a list
Quiz Source
Last Updated: Feb 16, 2017
Quiz Scoreboard
CHALLENGE
Sign Up to Join the Scoreboard
Show All
Scores
Hide
Comments
May contain spoilers
Recently Published
TV Characters by Other Roles V
by ghcgh
Television
5m
Decade Duel: World Leaders
by jenniferyan
History
4m
Alphabetical 'K' Countries by Flag Minefield
by ylime102
Geography
3m
More to Explore
Quiz From the Vault
Featured Blog Post
15 Basketball Trivia Facts You Can Be March Mad About
hide this ad
You Might Also Like...
Tags
Basketball Quiz
NBA Quiz
Active
champion
Championship
Player
Won
Today's Top Quizzes in Sports
Browse Sports
hide this ad
Today's Top Quizzes in Basketball
Browse Basketball
Top Contributed Quizzes in Sports
1
Les joueurs à 100 buts en Ligue 1 Uber Eats
2
2022 World Cup Stars
3
Pick 6: NFL Teams
4
MLB 2 truths and a lie: Hall of Fame pitchers
5
Pick 6: Minor League Baseball
6
Millionaire: NBA Finals Edition
7
Pick 6: Olympics
8
Click the 1998 NBA Draft
9
Criteria MLB: Left Handed Sluggers
10
NBA Logic Puzzle 2.0
Explore More
Trending Topics
Anime
NBA
Marvel
Harry Potter
Crossword
Disney
Kpop
The Office
NFL
WWE
Song
Puzzle
Soccer
Country
Pokémon
hide this ad
More By:
LucasEwalt
Quiz
Plays
Rating
Category
Featured
Created
NBA Top 25 by Category
1,505,011
4.73
Sports
Jan 2, 2010
NBA 2000+ Playoff Points
227,866
4.66
Sports
Jun 2, 2010
NBA Shaq's Starting Lineups
121,087
4.42
Sports
Nov 10, 2010
NBA MVP Teammates
119,603
4.22
Sports
Aug 12, 2010
NBA Teams with 4 All-Stars
113,187
4.65
Sports
Feb 14, 2012
Go to Creator's Profile
Score Distribution
Quiz Creator Spotlight
LucasEwalt
Follow
Send a Message
Quizzes Created
-
Created Quiz Play Count
-
More By This Creator
Popular Quizzes Today
1
Countries of Asia Without Outlines Minefield
2
Find the US States - No Outlines Minefield
3
Pick 6: Fruits
4
The Countries of the World
5
Alphabetical 'K' Countries by Flag Minefield
6
Find the Countries of Europe - No Outlines Minefield
7
US States
8
Find the US States
More Sports Quizzes
NBA Photo Minefield: Championship Winners
Published
Trending Quizzes
Pick 6: Mountains
Pick 6: Harry Potter
Pick 6: Flags
Pick 6: NFL Teams
Pick 6: Movie Franchises
Recently Updated
Adaptations: Name the Title
pecheneg
NWSL Teams
pecheneg
Women's Final Four Teams by Year
bhenderson79
Presidents Quartet II
eogle
Anything But Clue(do)
eogle
Anything But Oceanian Capitals
eogle
Anything But 7
eogle
Anything But Thing
eogle
Word Ladder: February 29
pecheneg
Song Title Questions
pecheneg
Trending Topics
Anime
Disney
NBA
Harry Potter
Kpop
Marvel
Crossword
Soccer
The Office
Country
Pokémon
NFL
WWE
Song
Puzzle
Your Account Isn't Verified!
In order to create a playlist on Sporcle, you need to verify the email address you used during registration. Go to your
Sporcle Settings
to finish the process.
Report this User
Report this user for behavior that violates our
Community Guidelines
.
Details:
Send Report
Go to the Sporcle.com Mobile Site →
Comments